Explorations of excellence : (Record no. 40836)
[ view plain ]
| 000 -LEADER | |
|---|---|
| fixed length control field | 00732nam a22001817a 4500 |
| 005 - DATE AND TIME OF LATEST TRANSACTION | |
| control field | 20100811104948.0 |
| 010 ## - LCCN (DPL NO) | |
| LC control number | ENG-99522 |
| 020 ## - INTERNATIONAL STANDARD BOOK NUMBER | |
| International Standard Book Number | 819028214X |
| Terms of availability | 150.00 |
| 035 ## - SYSTEM CONTROL NUMBER | |
| System control number | EN-83054 |
| 037 ## - SOURCE OF ACQUISITION | |
| Source of stock number/acquisition | DBAD/PUB |
| 082 ## - DEWEY DECIMAL CLASSIFICATION NUMBER | |
| Classification number | 808.9 |
| 245 ## - TITLE STATEMENT | |
| Title | Explorations of excellence : |
| Remainder of title | articles on the works of J. Bapu Reddy / |
| Statement of responsibility, etc | edited by I. V. Chalapathi Rao, S. S. Prabhakar Rao [and] I. Satyashree |
| 260 ## - PUBLICATION, DISTRIBUTION, ETC. (IMPRINT) | |
| Place of publication, distribution, etc | Hyderabad |
| Name of publisher, distributor, etc | Jubilee Publications |
| Date of publication, distribution, etc | 2007 |
| 270 ## - ADDRESS | |
| Address | Plot 10, Road 5, Jubilee Hills |
| City | Hyderabad |
| Postal code | 500033 |
| 300 ## - PHYSICAL DESCRIPTION | |
| Extent | 146p. |
| Dimensions | 21cm (pbk) |
| 942 ## - ADDED ENTRY ELEMENTS (KOHA) | |
| Source of classification or shelving scheme | Dewey Decimal Classification |
| Item type | English Books |
| Classification part | 808.9 |
| Call number suffix | EXP |
| Withdrawn status | Lost status | Not for loan | Collection code | Home library | Current library | Date acquired | Source of acquisition | Cost, normal purchase price | Full call number | Barcode | Copy number | Cost, replacement price | Koha item type |
|---|---|---|---|---|---|---|---|---|---|---|---|---|---|
| Not For Loan | Non-fiction | D.B.Act.Division | D.B.Act.Division | 11/08/2010 | DBAD/PUB | 150.00 | 808.9 EXP | EN-83054 | 1 | 150.00 | English Books |
